Statistiken für Flaggen der Welt

Klicken Sie hier um das Quiz zu spielen!

Allgemein

  • Dieses Quiz wurde 2.590 mal gespielt
  • Das Durchschnittsergebnis liegt bei 15 aus 20

Antwortstatistiken

Antwort% Korrekt
Schweden
100%
China
99%
Frankreich
98%
Griechenland
98%
Russland
98%
Spanien
98%
Ukraine
98%
Belgien
97%
Türkei
97%
Kroatien
96%
Argentinien
95%
Estland
95%
Deutschland
94%
Finnland
94%
Irak
94%
Irland
94%
Italien
94%
Luxemburg
94%
Norwegen
94%
Saudi Arabien
94%
Zypern
94%
Ägypten
93%
Iran
93%
Japan
93%
Katar
93%
Österreich
93%
Vereinigte Staaten
93%
Albanien
92%
Australien
92%
Honduras
92%
Kanada
92%
Monaco
92%
Polen
92%
Schweiz
92%
Südkorea
92%
Indien
91%
Island
91%
Mexiko
91%
Portugal
91%
Rumänien
91%
Nordmazedonien
90%
Brasilien
89%
Grossbritannien
89%
Jamaika
89%
Lettland
89%
Neuseeland
89%
Serbien
89%
Uruguay
89%
Chile
88%
San Marino
88%
Bulgarien
87%
Dänemark
87%
Singapur
87%
Sri Lanka
87%
Taiwan
87%
Vatikanstadt
87%
Belarus
86%
Israel
86%
Kolumbien
86%
Liechtenstein
86%
Marokko
86%
Nepal
86%
Niederlande
86%
Südafrika
86%
Elfenbeinküste
85%
Georgien
85%
Kenia
85%
Kosovo
85%
Montenegro
85%
Nigeria
85%
Slowenien
85%
Syrien
85%
Tschechien
85%
Ecuador
84%
Indonesien
84%
Malta
84%
Mongolei
84%
Bosnien und Herzegowina
83%
Slowakei
83%
Armenien
82%
Kasachstan
82%
Tunesien
82%
Ungarn
82%
Bhutan
81%
Costa Rica
81%
Kambodscha
81%
Kamerun
81%
Panama
81%
Peru
81%
Thailand
81%
Vietnam
81%
Bangladesch
80%
Uganda
80%
Aserbaidschan
79%
Äthiopien
79%
Libanon
79%
Philippinen
79%
Algerien
78%
Venezuela
78%
Ghana
77%
Malaysia
77%
Usbekistan
77%
Jemen
76%
Litauen
76%
Pakistan
76%
Senegal
76%
Somalia
76%
Antigua und Barbuda
75%
Kuba
75%
Laos
75%
Afghanistan
74%
Dominikanische Republik
74%
Seychellen
74%
Angola
73%
Botswana
73%
Andorra
72%
Barbados
72%
Eswatini
72%
Nordkorea
72%
Lesotho
71%
Madagaskar
71%
Mali
71%
Bolivien
70%
Tschad
70%
Vereinigte Arabische Emirate
70%
Bahamas
69%
Brunei
69%
Demokratische Republik Kongo
69%
Eritrea
69%
Guatemala
69%
Liberia
69%
Mauretanien
69%
Mosambik
69%
Haiti
68%
Niger
68%
Paraguay
68%
Bahrain
67%
Kirgistan
67%
Malediven
67%
Togo
67%
Tonga
67%
Fidschi
66%
Südsudan
66%
Tansania
66%
Trinidad und Tobago
64%
Föderierte Staaten von Mikronesien
63%
Jordanien
63%
Libyen
63%
Marshallinseln
63%
Palau
63%
Saint Lucia
63%
Belize
62%
Benin
62%
Kuwait
62%
Saint Vincent und die Grenadinen
62%
Turkmenistan
62%
Dominica
61%
El Salvador
61%
Komoren
61%
Papua Neuguinea
61%
Republik Kongo
61%
Ruanda
61%
Burkina Faso
60%
Burundi
60%
Sierra Leone
60%
Sudan
60%
Nicaragua
59%
Sambia
59%
Grenada
58%
Mauritius
58%
Oman
58%
Samoa
58%
Tuvalu
58%
Gabun
57%
Kap Verde
57%
Moldau
57%
Myanmar
57%
Namibia
57%
Osttimor
57%
Zentralafrikanische Republik
57%
Dschibuti
56%
Guyana
56%
Simbabwe
56%
Vanuatu
54%
Guinea Bissau
53%
Malawi
53%
Suriname
52%
Äquatorial Guinea
50%
Nauru
50%
Kiribati
49%
Salomonen
48%
São Tomé und Príncipe
48%
Guinea
47%
Tadschikistan
45%
Gambia
42%
Saint Kitts und Nevis
20%

Verteilung der Resultate

Perzentil nach korrekt beantworteten Fragen

Anzahl Personen mit jedem Resultat

Ihre Resultats-Entwicklung

Sie haben dieses Quiz noch nicht gespielt